[Event "22. Open de Ajedrez Ciudad de Roquetas"]
[Site "Roquetas de Mar ESP"]
[Date "2011.01.02"]
[Round "1.1"]
[White "Garcia-castany Musellas, Gal La"]
[Black "Sumets, Andrey"]
[Result "0-1"]
[WhiteElo "1984"]
[BlackElo "2619"]
[PlyCount "60"]
[EventDate "2011.01.02"]
[EventRounds "9"]
[EventCountry "ESP"]
[Source "lmi"]
[SourceDate "2011.01.02"]

1. e4 e6 2. d4 d5 3. Nd2 c5 4. exd5 exd5 5. Ngf3 Nc6 6. Be2 cxd4 7. O-O Bd6 8.
Nb3 Nf6 9. Bg5 h6 10. Bh4 O-O 11. Nbxd4 Re8 12. Bg3 Bxg3 13. hxg3 Qb6 14. Rb1
Bg4 15. c3 Re7 16. Nc2 Rae8 17. Re1 Ne4 18. Nfd4 Nxf2 19. Kxf2 Rxe2+ 20. Rxe2
Rxe2+ 21. Qxe2 Bxe2 22. Kxe2 Qa6+ 23. Kd2 Qxa2 24. Ra1 Qxb2 25. Nxc6 bxc6 26.
Rxa7 Qb8 27. Re7 Qxg3 28. Re2 c5 29. Ne1 Qf4+ 30. Kc2 Qc4 0-1

[Event "22. Open de Ajedrez Ciudad de Roquetas"]
[Site "Roquetas de Mar ESP"]
[Date "2011.01.02"]
[Round "1.3"]
[White "Qwarfort, Fredrik"]
[Black "Corrales Jimenez, Fidel"]
[Result "0-1"]
[WhiteElo "1952"]
[BlackElo "2591"]
[PlyCount "80"]
[EventDate "2011.01.02"]
[EventRounds "9"]
[EventCountry "ESP"]
[Source "lmi"]
[SourceDate "2011.01.02"]

1. d4 Nf6 2. c4 e6 3. Nf3 c5 4. Nc3 cxd4 5. Nxd4 Nc6 6. Nxc6 bxc6 7. e4 Bb4 8.
Bd3 Bxc3+ 9. bxc3 d6 10. O-O Nd7 11. Be3 O-O 12. f4 e5 13. f5 c5 14. Qg4 f6 15.
h4 Rf7 16. h5 Nf8 17. Qe2 h6 18. Qd2 Rb8 19. Bc2 Qc7 20. Rf3 Ba6 21. Rg3 Kh8
22. Rd1 Rb6 23. Ba4 Qe7 24. Bb3 Bb7 25. Bc2 Rb2 26. Qc1 Rxa2 27. Qb1 Ra6 28.
Kf2 Rb6 29. Qc1 Ba6 30. Rh1 Bxc4 31. Rg6 Nh7 32. Bxh6 gxh6 33. Rxh6 Ra6 34. Rh3
Ra2 35. Kg1 Rg7 36. Rg6 Ng5 37. Rh4 a5 38. Qb1 a4 39. h6 Rg8 40. h7 Nxh7 0-1

[Event "22. Open de Ajedrez Ciudad de Roquetas"]
[Site "Roquetas de Mar ESP"]
[Date "2011.01.02"]
[Round "1.4"]
[White "Teske, Henrik"]
[Black "Garcia- Blazquez Perez, Manuel"]
[Result "1-0"]
[WhiteElo "2520"]
[BlackElo "1948"]
[PlyCount "53"]
[EventDate "2011.01.02"]
[EventRounds "9"]
[EventCountry "ESP"]
[Source "lmi"]
[SourceDate "2011.01.02"]

1. e4 e5 2. Nf3 Nf6 3. Nxe5 d6 4. Nf3 Nxe4 5. Bd3 d5 6. Nc3 Nxc3 7. dxc3 Be7 8.
Bf4 Nc6 9. Qd2 Be6 10. O-O-O Qd7 11. Bb5 O-O-O 12. Ne5 Qe8 13. Rhe1 Bd6 14.
Nxc6 bxc6 15. Ba4 Qd7 16. Bg3 Kb7 17. Qd3 Bf5 18. Bxc6+ Qxc6 19. Qxf5 Bxg3 20.
hxg3 g6 21. Qxf7 Rhf8 22. Qe7 Rde8 23. Qb4+ Kc8 24. Rxe8+ Qxe8 25. Qc5 Qf7 26.
Qxa7 Qxf2 27. Qa8+ 1-0

[Event "22. Open de Ajedrez Ciudad de Roquetas"]
[Site "Roquetas de Mar ESP"]
[Date "2011.01.02"]
[Round "1.6"]
[White "Paunovic, Dragan"]
[Black "Pozanco Romasanta, Marc"]
[Result "1-0"]
[WhiteElo "2509"]
[BlackElo "1936"]
[PlyCount "53"]
[EventDate "2011.01.02"]
[EventRounds "9"]
[EventCountry "ESP"]
[Source "lmi"]
[SourceDate "2011.01.02"]

1. Nf3 Nf6 2. c4 e6 3. g3 d5 4. Bg2 Be7 5. O-O O-O 6. d4 c5 7. cxd5 Nxd5 8. Nc3
Nxc3 9. bxc3 Nc6 10. e4 b6 11. Be3 cxd4 12. cxd4 Ba6 13. Re1 Bb4 14. Bd2 Ba5
15. Bxa5 Nxa5 16. d5 exd5 17. exd5 Qd6 18. Nd4 g6 19. Nc6 Nxc6 20. dxc6 Rad8
21. Qa4 Bd3 22. Qxa7 Qb4 23. Qe7 Qxe7 24. Rxe7 Rfe8 25. c7 Rc8 26. Rxe8+ Rxe8
27. Rd1 1-0

[Event "22. Open de Ajedrez Ciudad de Roquetas"]
[Site "Roquetas de Mar ESP"]
[Date "2011.01.03"]
[Round "2.1"]
[White "Sumets, Andrey"]
[Black "Jordan Martinez, Miguel"]
[Result "1-0"]
[WhiteElo "2619"]
[BlackElo "2166"]
[PlyCount "79"]
[EventDate "2011.01.02"]
[EventRounds "9"]
[EventCountry "ESP"]
[Source "lmi"]
[SourceDate "2011.01.02"]

1. d4 Nf6 2. c4 e5 3. dxe5 Ng4 4. Bf4 Nc6 5. Nf3 Bb4+ 6. Nbd2 Qe7 7. e3 Ngxe5
8. Nxe5 Nxe5 9. Be2 d6 10. O-O Bxd2 11. Qxd2 b6 12. b4 Bb7 13. c5 dxc5 14. bxc5
O-O 15. Rfc1 Rad8 16. Qc3 Ng6 17. Bg3 f5 18. Re1 Kh8 19. Bh5 Bd5 20. cxb6 cxb6
21. Be2 Qb7 22. Bf1 f4 23. exf4 Nxf4 24. f3 Qf7 25. a4 Qg6 26. Rad1 Nh5 27. Be5
Ba8 28. Rxd8 Rxd8 29. Qc7 Re8 30. f4 Bd5 31. Re3 Kg8 32. Qxa7 Rf8 33. Qd7 Bc6
34. Qd4 Qc2 35. Rc3 Qxa4 36. Qc4+ Qxc4 37. Bxc4+ Kh8 38. Be2 Be8 39. Rc8 Kg8
40. Bd6 1-0

[Event "22. Open de Ajedrez Ciudad de Roquetas"]
[Site "Roquetas de Mar ESP"]
[Date "2011.01.03"]
[Round "2.2"]
[White "Rioboo de la Riva, Alvaro"]
[Black "Peralta, Fernando"]
[Result "0-1"]
[WhiteElo "2178"]
[BlackElo "2603"]
[PlyCount "68"]
[EventDate "2011.01.02"]
[EventRounds "9"]
[EventCountry "ESP"]
[Source "lmi"]
[SourceDate "2011.01.02"]

1. e4 c6 2. d4 d5 3. exd5 cxd5 4. Bd3 Nc6 5. c3 Qc7 6. Ne2 Bg4 7. O-O e6 8. Bf4
Bd6 9. Bxd6 Qxd6 10. Nd2 Nf6 11. Qe1 Bh5 12. f4 O-O 13. Ng3 Bg6 14. Qe2 Rfe8
15. Rae1 Rab8 16. Bxg6 hxg6 17. h4 Ne7 18. Nh1 b5 19. a3 a5 20. b4 Rec8 21. Rc1
axb4 22. axb4 Ra8 23. Qxb5 Nf5 24. g3 Ra3 25. Qd3 Ne4 26. Nxe4 dxe4 27. Qd2 Qd5
28. Rfe1 Ra2 29. c4 Rxd2 30. cxd5 Rxc1 31. Rxc1 exd5 32. Rb1 Nxd4 33. b5 Nf3+
34. Kf1 e3 0-1

[Event "22. Open de Ajedrez Ciudad de Roquetas"]
[Site "Roquetas de Mar ESP"]
[Date "2011.01.03"]
[Round "2.3"]
[White "Corrales Jimenez, Fidel"]
[Black "Villaseñor Rubio, Emilio Jose"]
[Result "1-0"]
[WhiteElo "2591"]
[BlackElo "2162"]
[PlyCount "113"]
[EventDate "2011.01.02"]
[EventRounds "9"]
[EventCountry "ESP"]
[Source "lmi"]
[SourceDate "2011.01.02"]

1. d4 Nf6 2. c4 c5 3. d5 b5 4. cxb5 a6 5. bxa6 g6 6. Nc3 Bxa6 7. e4 Bxf1 8.
Kxf1 d6 9. Nf3 Bg7 10. h3 Nbd7 11. Kg1 O-O 12. Kh2 Qa5 13. Re1 Rfb8 14. Kg1 Ne8
15. Qc2 Nc7 16. Bd2 Nb5 17. Nxb5 Qxb5 18. Bc3 Bxc3 19. bxc3 Qa4 20. Qd2 f6 21.
h4 Kg7 22. h5 Rb7 23. Rab1 Rab8 24. Rxb7 Rxb7 25. hxg6 hxg6 26. g3 Qa3 27. Re2
Rb1+ 28. Kg2 Kf7 29. Qh6 Nf8 30. Qf4 Qa4 31. e5 Qxf4 32. e6+ Kg7 33. gxf4 Nh7
34. a4 Ra1 35. Rb2 f5 36. Rb7 Kf8 37. Rb8+ Kg7 38. Re8 Kf6 39. Ng5 Nxg5 40.
fxg5+ Ke5 41. Rxe7 Kxd5 42. Rg7 Kxe6 43. Rxg6+ Ke5 44. Rg8 Rxa4 45. Re8+ Kd5
46. f3 Kc4 47. Rd8 d5 48. Kg3 f4+ 49. Kg4 d4 50. cxd4 cxd4 51. Kxf4 Kd3 52. g6
Ra7 53. Ke5 Ra5+ 54. Rd5 Ra6 55. Rxd4+ Ke3 56. g7 Rg6 57. Rg4 1-0

[Event "22. Open de Ajedrez Ciudad de Roquetas"]
[Site "Roquetas de Mar ESP"]
[Date "2011.01.03"]
[Round "2.4"]
[White "Escudero Manzano, Alejandro"]
[Black "Teske, Henrik"]
[Result "0-1"]
[WhiteElo "2164"]
[BlackElo "2520"]
[PlyCount "66"]
[EventDate "2011.01.02"]
[EventRounds "9"]
[EventCountry "ESP"]
[Source "lmi"]
[SourceDate "2011.01.02"]

1. e4 Nc6 2. d4 d5 3. exd5 Qxd5 4. Nf3 Bg4 5. Be2 O-O-O 6. c3 e5 7. Be3 e4 8.
Nfd2 Bxe2 9. Qxe2 f5 10. Nb3 Qf7 11. N1d2 Nf6 12. g3 h5 13. h4 Ng4 14. Bg5 Be7
15. Bxe7 Nxe7 16. O-O-O Nd5 17. Rde1 Rhe8 18. f3 e3 19. fxg4 exd2+ 20. Qxd2
hxg4 21. Kb1 Nf6 22. Nc5 Qd5 23. Qg5 b6 24. Nd3 Ne4 25. Qf4 c5 26. Ne5 g6 27.
Nxg6 Qe6 28. h5 cxd4 29. cxd4 Rxd4 30. Rc1+ Kb7 31. Qc7+ Ka6 32. Nf4 Nd2+ 33.
Ka1 Qxa2+ 0-1

[Event "22. Open de Ajedrez Ciudad de Roquetas"]
[Site "Roquetas de Mar ESP"]
[Date "2011.01.03"]
[Round "2.5"]
[White "Anaya Lopez, Victor Jose"]
[Black "Paunovic, Dragan"]
[Result "0-1"]
[WhiteElo "2158"]
[BlackElo "2509"]
[PlyCount "80"]
[EventDate "2011.01.02"]
[EventRounds "9"]
[EventCountry "ESP"]
[Source "lmi"]
[SourceDate "2011.01.02"]

1. e4 c5 2. Nf3 e6 3. d4 cxd4 4. Nxd4 a6 5. c4 Nf6 6. Nc3 Qc7 7. a3 b6 8. Be3
Bb7 9. f3 d6 10. Be2 Nbd7 11. Rc1 Rc8 12. b4 Be7 13. O-O Qb8 14. Qd2 O-O 15.
Rfd1 Rfe8 16. Kh1 h5 17. Na4 Ba8 18. Nb3 h4 19. Bf4 Ne5 20. Bxe5 dxe5 21. Qe3
Bd8 22. c5 b5 23. Nc3 Bc6 24. Ra1 Nh5 25. Bf1 Nf4 26. Rd6 Be7 27. Rdd1 Red8 28.
Na5 Be8 29. Rab1 Ng6 30. a4 Rxd1 31. Rxd1 Bd8 32. axb5 Bxa5 33. bxa5 axb5 34.
Bxb5 Bxb5 35. Rb1 Qa7 36. Rxb5 Rd8 37. Kg1 Nf4 38. Qe1 Rd3 39. Na4 h3 40. g3
Qd7 0-1

[Event "22. Open de Ajedrez Ciudad de Roquetas"]
[Site "Roquetas de Mar ESP"]
[Date "2011.01.03"]
[Round "3.1"]
[White "Cruz Lledo, Pablo"]
[Black "Sumets, Andrey"]
[Result "0-1"]
[WhiteElo "2263"]
[BlackElo "2619"]
[PlyCount "44"]
[EventDate "2011.01.02"]
[EventRounds "9"]
[EventCountry "ESP"]
[Source "lmi"]
[SourceDate "2011.01.02"]

1. d4 d5 2. c4 dxc4 3. e4 c5 4. d5 Nf6 5. f3 e6 6. Bxc4 exd5 7. exd5 Bd6 8. Nc3
O-O 9. Nge2 a6 10. a4 Qc7 11. g3 Nbd7 12. O-O Ne5 13. b3 Bf5 14. Bg5 Nfd7 15.
Rc1 Rfe8 16. Kg2 Nxc4 17. bxc4 Nb6 18. g4 Bg6 19. Ng3 h6 20. Bd2 Nxc4 21. Nce4
Nxd2 22. Nxd2 Bf4 0-1

[Event "22. Open de Ajedrez Ciudad de Roquetas"]
[Site "Roquetas de Mar ESP"]
[Date "2011.01.03"]
[Round "3.3"]
[White "Gavilan Diaz, Mario"]
[Black "Corrales Jimenez, Fidel"]
[Result "0-1"]
[WhiteElo "2251"]
[BlackElo "2591"]
[PlyCount "96"]
[EventDate "2011.01.02"]
[EventRounds "9"]
[EventCountry "ESP"]
[Source "lmi"]
[SourceDate "2011.01.02"]

1. d4 Nf6 2. c4 e6 3. Nf3 c5 4. Nc3 cxd4 5. Nxd4 Nc6 6. a3 Bc5 7. Nb3 Be7 8. e4
O-O 9. Be2 b6 10. O-O Bb7 11. Be3 Rc8 12. f4 d6 13. Rc1 Nd7 14. Bf3 Nc5 15. Nd2
e5 16. Bg4 Rb8 17. Qe2 exf4 18. Bxf4 Bf6 19. Kh1 Nd4 20. Qe3 Nce6 21. Bxe6 Nxe6
22. Nf3 Nxf4 23. Qxf4 Qe7 24. Rfd1 Rbd8 25. Re1 Rfe8 26. Nd5 Bxd5 27. exd5 Qd7
28. Nd4 Rxe1+ 29. Rxe1 Re8 30. Rf1 Be5 31. Qf5 Qxf5 32. Nxf5 g6 33. Ng3 Bxb2
34. a4 f5 35. Rb1 Re3 36. Kg1 Be5 37. a5 bxa5 38. Rb8+ Kg7 39. Rb7+ Kh6 40. Kf1
Bd4 41. Ne2 Bb6 42. Nf4 a4 43. c5 dxc5 44. d6 a3 45. Rxb6 axb6 46. d7 a2 47.
d8=Q a1=Q+ 48. Kf2 Qe1# 0-1

[Event "22. Open de Ajedrez Ciudad de Roquetas"]
[Site "Roquetas de Mar ESP"]
[Date "2011.01.03"]
[Round "3.4"]
[White "Teske, Henrik"]
[Black "Kovacevic, Slobodan"]
[Result "1/2-1/2"]
[WhiteElo "2520"]
[BlackElo "2330"]
[PlyCount "69"]
[EventDate "2011.01.02"]
[EventRounds "9"]
[EventCountry "ESP"]
[Source "lmi"]
[SourceDate "2011.01.02"]

1. e4 c5 2. Nf3 e6 3. d4 cxd4 4. Nxd4 a6 5. Nc3 Qc7 6. Bd3 Nf6 7. f4 Bb4 8. O-O
Bc5 9. Be3 Nc6 10. Nf5 Bxe3+ 11. Nxe3 d6 12. Qd2 O-O 13. Rad1 b5 14. g4 Qb6 15.
Qf2 Bb7 16. g5 Nd7 17. Ng4 Qxf2+ 18. Kxf2 Nc5 19. Rd2 Rad8 20. a3 b4 21. axb4
Nxb4 22. Be2 e5 23. fxe5 dxe5 24. Rxd8 Rxd8 25. Nxe5 Bxe4 26. Bc4 Bg6 27. Nxg6
hxg6 28. Kg3 Rd7 29. Rf2 Kf8 30. h4 Nc6 31. Bd5 Nb4 32. Bc4 Nc6 33. Bd5 Nb4 34.
Bc4 Nc6 35. Bd5 1/2-1/2

[Event "22. Open de Ajedrez Ciudad de Roquetas"]
[Site "Roquetas de Mar ESP"]
[Date "2011.01.03"]
[Round "3.5"]
[White "Paunovic, Dragan"]
[Black "Tudela Corbalan, Carlos"]
[Result "1-0"]
[WhiteElo "2509"]
[BlackElo "2247"]
[PlyCount "119"]
[EventDate "2011.01.02"]
[EventRounds "9"]
[EventCountry "ESP"]
[Source "lmi"]
[SourceDate "2011.01.02"]

1. d4 g6 2. g3 Bg7 3. Bg2 Nf6 4. Nf3 d6 5. O-O O-O 6. c4 Nbd7 7. Qc2 e5 8. Rd1
exd4 9. Nxd4 a6 10. Nc3 Re8 11. e4 Rb8 12. a4 Ne5 13. c5 Bg4 14. f3 Bd7 15.
cxd6 cxd6 16. Qb3 Qa5 17. Be3 Rec8 18. Bf2 Nc4 19. Rac1 Bh6 20. f4 Qh5 21. Nf3
Be6 22. Nd5 Bxd5 23. exd5 b5 24. axb5 axb5 25. h3 Qf5 26. Nd4 Qd7 27. Nc6 Rb7
28. Re1 Re8 29. Rxe8+ Nxe8 30. Re1 Bg7 31. Re7 Qc8 32. Re2 Kf8 33. Qa2 Nb6 34.
Qa5 Na8 35. Qb4 Nac7 36. g4 Qa8 37. Qe4 Kg8 38. g5 Qa1+ 39. Bf1 Qd1 40. f5 Bf8
41. f6 b4 42. Bg3 h6 43. h4 Rb5 44. Re1 Qxd5 45. Bxb5 Qxb5 46. Bf4 Ne6 47. Nd4
Qb6 48. Be3 d5 49. Nxe6 Qxe6 50. Qxe6 fxe6 51. Bf4 Kf7 52. Rc1 hxg5 53. hxg5
Bd6 54. Bxd6 Nxd6 55. Rc7+ Kf8 56. Rc6 Nc4 57. Rxe6 Nxb2 58. Rb6 Nc4 59. Rxb4
Kf7 60. Rxc4 1-0

[Event "22. Open de Ajedrez Ciudad de Roquetas"]
[Site "Roquetas de Mar ESP"]
[Date "2011.01.03"]
[Round "3.6"]
[White "Garcia Rodriguez, Victor"]
[Black "Gonzalez Perez, Arian"]
[Result "0-1"]
[WhiteElo "2241"]
[BlackElo "2448"]
[PlyCount "46"]
[EventDate "2011.01.02"]
[EventRounds "9"]
[EventCountry "ESP"]
[Source "lmi"]
[SourceDate "2011.01.02"]

1. e4 c5 2. Nf3 d6 3. d4 cxd4 4. Nxd4 Nf6 5. Nc3 g6 6. Be2 Bg7 7. Be3 O-O 8.
O-O Nc6 9. Kh1 a6 10. f4 Bd7 11. Bf3 Rc8 12. Qd2 Nxd4 13. Bxd4 Rc4 14. Bxf6
Bxf6 15. e5 dxe5 16. fxe5 Bxe5 17. Qd5 Qc7 18. Rae1 Bxh2 19. Rxe7 Rh4 20. Qg5
Qc4 21. Re2 h6 22. Qd5 Bg3+ 23. Kg1 Rh1+ 0-1

[Event "22. Open de Ajedrez Ciudad de Roquetas"]
[Site "Roquetas de Mar ESP"]
[Date "2011.01.04"]
[Round "4.1"]
[White "Sumets, Andrey"]
[Black "Hansen, Torbjorn Ringdal"]
[Result "1/2-1/2"]
[WhiteElo "2619"]
[BlackElo "2439"]
[PlyCount "180"]
[EventDate "2011.01.02"]
[EventRounds "9"]
[EventCountry "ESP"]
[Source "lmi"]
[SourceDate "2011.01.02"]

1. d4 Nf6 2. c4 g6 3. Nf3 Bg7 4. g3 O-O 5. Bg2 d6 6. O-O Nc6 7. Nc3 a6 8. Qd3
b5 9. cxb5 Nb4 10. Qd1 axb5 11. Bg5 Rb8 12. Rc1 h6 13. Bxf6 Bxf6 14. a3 Na6 15.
b4 Bg7 16. d5 e5 17. dxe6 Bxe6 18. Nd4 Bd7 19. Nc6 Bxc6 20. Bxc6 Bxc3 21. Rxc3
Rb6 22. Qd5 Qg5 23. Qf3 Kg7 24. Rfc1 Rd8 25. h4 Qf6 26. Qd5 Qe5 27. Qd2 d5 28.
Re3 Qd6 29. Bxd5 Qxd5 30. Rd3 Qxd3 31. exd3 Rbd6 32. Rc3 c6 33. Qc2 Nb8 34. Kg2
Re6 35. Qb2 Kg8 36. Qc1 h5 37. Qf4 Rdd6 38. a4 bxa4 39. b5 Nd7 40. Qxa4 cxb5
41. Qxb5 Nf6 42. Qb2 Rd5 43. Rc8+ Kg7 44. Rc7 Rf5 45. Qd4 Ree5 46. Rb7 Rd5 47.
Qc3 Rc5 48. Qb2 Rcd5 49. Qa3 Ra5 50. Qb3 Rad5 51. Re7 Rfe5 52. Rxe5 Rxe5 53.
Qc3 Rf5 54. f3 Kg8 55. Qd4 Nh7 56. g4 Rb5 57. Kg3 Nf8 58. Qc4 Ra5 59. d4 hxg4
60. fxg4 Ra3+ 61. Kg2 Ra7 62. d5 Rd7 63. Qc6 Kg7 64. Kf3 Ra7 65. Qc3+ Kg8 66.
Qd4 Ra3+ 67. Kf4 Rh3 68. Qf6 Rh1 69. Qd8 Kg7 70. Kg3 Rd1 71. Qd6 Rd3+ 72. Kg2
Rd2+ 73. Kf3 Rd3+ 74. Ke4 Rd1 75. Qe5+ Kg8 76. Qc3 Rh1 77. Qg3 Nd7 78. Qd6 Nf8
79. Qd8 Re1+ 80. Kf4 Kg7 81. Qa5 Rh1 82. Qc3+ Kg8 83. Qg3 Rd1 84. Qf3 Rb1 85.
Kg5 Rb7 86. Kh6 f5 87. d6 Rh7+ 88. Kg5 fxg4 89. Qd5+ Kh8 90. Qe5+ Kg8 1/2-1/2

[Event "22. Open de Ajedrez Ciudad de Roquetas"]
[Site "Roquetas de Mar ESP"]
[Date "2011.01.04"]
[Round "4.2"]
[White "Pardo Simon, David"]
[Black "Peralta, Fernando"]
[Result "0-1"]
[WhiteElo "2380"]
[BlackElo "2603"]
[PlyCount "120"]
[EventDate "2011.01.02"]
[EventRounds "9"]
[EventCountry "ESP"]
[Source "lmi"]
[SourceDate "2011.01.02"]

1. e4 c6 2. Nc3 d5 3. Nf3 Bg4 4. h3 Bxf3 5. Qxf3 Nf6 6. d3 e6 7. Bd2 Bb4 8.
O-O-O d4 9. Nb1 Bxd2+ 10. Nxd2 c5 11. g4 Nc6 12. g5 Nd7 13. Qg3 a5 14. h4 a4
15. a3 b5 16. h5 Qb8 17. Qxb8+ Rxb8 18. Be2 e5 19. Bg4 Nb6 20. g6 Ke7 21. gxf7
Kxf7 22. Rdg1 Kf6 23. Rh3 g6 24. Rf3+ Ke7 25. Rfg3 Kd6 26. Nf3 Rbf8 27. R1g2
Ne7 28. Kd2 Na8 29. Ke2 Nc7 30. Bh3 gxh5 31. Nh4 Ne8 32. Rg5 h6 33. Rxh5 Nf6
34. Nf5+ Kc7 35. Rh4 Nxf5 36. Bxf5 Rfg8 37. Rxg8 Nxg8 38. f4 Kd6 39. Bg6 Nf6
40. Kf3 exf4 41. Kxf4 Nd7 42. Rh1 Ne5 43. Bf5 h5 44. Rg1 h4 45. Bh3 Rf8+ 46.
Bf5 Rh8 47. Bh3 c4 48. dxc4 bxc4 49. Rd1 d3 50. Bf1 Rf8+ 51. Kg5 Rf3 52. cxd3
cxd3 53. Kxh4 Kc5 54. Bh3 Kd4 55. Bf1 Ke3 56. Rb1 Rxf1 57. Rxf1 Ke2 58. Ra1 d2
59. Kg5 Nd3 60. Rh1 Nf2 0-1

[Event "22. Open de Ajedrez Ciudad de Roquetas"]
[Site "Roquetas de Mar ESP"]
[Date "2011.01.04"]
[Round "4.3"]
[White "Corrales Jimenez, Fidel"]
[Black "Cruz Ravina, Francisco Javier"]
[Result "1-0"]
[WhiteElo "2591"]
[BlackElo "2397"]
[PlyCount "109"]
[EventDate "2011.01.02"]
[EventRounds "9"]
[EventCountry "ESP"]
[Source "lmi"]
[SourceDate "2011.01.02"]

1. d4 Nf6 2. c4 d6 3. Nf3 Nbd7 4. Nc3 e5 5. e4 g6 6. g3 Bg7 7. Bg2 O-O 8. O-O
c6 9. h3 a6 10. Re1 b5 11. c5 exd4 12. Nxd4 Nxc5 13. Nxc6 Qc7 14. Bg5 Be6 15.
b4 Ncd7 16. Nd5 Bxd5 17. exd5 Rae8 18. Rc1 Qb7 19. Be3 Nb6 20. Na5 Qb8 21. Rc6
Nfd7 22. f4 Bf6 23. Kh2 Nc4 24. Nxc4 bxc4 25. Rxc4 Rc8 26. Rxc8 Rxc8 27. Qa4
Qb7 28. Rc1 Rxc1 29. Bxc1 Nb8 30. a3 Qe7 31. Qc2 Bd4 32. Bb2 Bxb2 33. Qxb2 Qc7
34. Qe2 Kg7 35. a4 Qc3 36. b5 axb5 37. Qxb5 Qc7 38. a5 Qa7 39. Qb6 Qxb6 40.
axb6 Nd7 41. b7 Kf6 42. Bf1 Ke7 43. Bb5 Nb8 44. g4 h6 45. Kg3 f6 46. Kf3 Kf7
47. Ke4 Ke7 48. Kd4 g5 49. Ke4 Kf8 50. Kf5 Kf7 51. fxg5 hxg5 52. Ba4 Na6 53.
Bd7 Ke7 54. Bb5 Nb8 55. Ke4 1-0

[Event "22. Open de Ajedrez Ciudad de Roquetas"]
[Site "Roquetas de Mar ESP"]
[Date "2011.01.04"]
[Round "4.5"]
[White "Gonzalez Perez, Arian"]
[Black "Camacho Collados, Jose"]
[Result "1/2-1/2"]
[WhiteElo "2448"]
[BlackElo "2376"]
[PlyCount "106"]
[EventDate "2011.01.02"]
[EventRounds "9"]
[EventCountry "ESP"]
[Source "lmi"]
[SourceDate "2011.01.02"]

1. Nf3 c5 2. g3 Nc6 3. Bg2 g6 4. O-O Bg7 5. d3 Nf6 6. c4 O-O 7. Nc3 d5 8. cxd5
Nxd5 9. Bd2 Nc7 10. Rc1 b6 11. a3 Bb7 12. Qa4 Nd4 13. Nxd4 Bxg2 14. Nc6 Bxc6
15. Qxc6 Ne6 16. Be3 Qd6 17. Qa4 f5 18. b4 Bxc3 19. Rxc3 f4 20. gxf4 Nxf4 21.
Bxf4 Rxf4 22. bxc5 bxc5 23. Rc4 Raf8 24. Re4 Rxe4 25. Qxe4 Rf4 26. Qe3 h5 27.
Kh1 Rh4 28. f4 g5 29. Rg1 Qd5+ 30. Qe4 Qxe4+ 31. dxe4 Rg4 32. Rc1 Rxf4 33. Rxc5
g4 34. Rxh5 Rxe4 35. Kg1 Kf7 36. Kf2 Ra4 37. Kg3 Rxa3+ 38. Kxg4 a5 39. Rf5+ Ke6
40. e4 a4 41. Ra5 Ra1 42. Kf4 Rf1+ 43. Ke3 Rh1 44. Ra6+ Ke5 45. Ra5+ Ke6 46.
Kd4 Rd1+ 47. Kc4 Re1 48. Kd4 Rd1+ 49. Ke3 Rh1 50. Ra6+ Ke5 51. Rxa4 Rxh2 52.
Ra5+ Ke6 53. Kd4 Rd2+ 1/2-1/2

[Event "22. Open de Ajedrez Ciudad de Roquetas"]
[Site "Roquetas de Mar ESP"]
[Date "2011.01.04"]
[Round "4.6"]
[White "Panelo, Marcelo"]
[Black "Lopez Gonzalez, Daniel"]
[Result "0-1"]
[WhiteElo "2435"]
[BlackElo "2207"]
[PlyCount "72"]
[EventDate "2011.01.02"]
[EventRounds "9"]
[EventCountry "ESP"]
[Source "lmi"]
[SourceDate "2011.01.02"]

1. d4 g6 2. c4 Bg7 3. e4 d6 4. Nc3 e5 5. Nge2 Nc6 6. Be3 exd4 7. Nxd4 Nge7 8.
Be2 O-O 9. O-O f5 10. exf5 Bxd4 11. Bxd4 Nxf5 12. Be3 Nxe3 13. fxe3 Rxf1+ 14.
Qxf1 Be6 15. Qf4 Qe7 16. Bf3 Rf8 17. Qe4 Ne5 18. Be2 b6 19. Rf1 Rxf1+ 20. Bxf1
Qf7 21. b3 Kg7 22. Be2 Bf5 23. Qd4 Bd7 24. Bf3 Qf6 25. Be4 Qh4 26. g3 Qg4 27.
Bg2 Qf5 28. Be4 Qg4 29. Bg2 Qf5 30. h3 Qc2 31. Kh1 Qf2 32. g4 h6 33. b4 c5 34.
bxc5 bxc5 35. Qd1 Nxc4 36. Ne4 Qxg2+ 0-1

[Event "22. Open de Ajedrez Ciudad de Roquetas"]
[Site "Roquetas de Mar ESP"]
[Date "2011.01.04"]
[Round "5.2"]
[White "Fedorchuk, Sergey A"]
[Black "Peralta, Fernando"]
[Result "1-0"]
[WhiteElo "2650"]
[BlackElo "2603"]
[PlyCount "65"]
[EventDate "2011.01.02"]
[EventRounds "9"]
[EventCountry "ESP"]
[Source "lmi"]
[SourceDate "2011.01.02"]

1. e4 c6 2. d4 d5 3. Nd2 dxe4 4. Nxe4 Bf5 5. Ng3 Bg6 6. N1e2 e6 7. c3 Nf6 8.
Nf4 Bd6 9. h4 Qc7 10. Qf3 Nbd7 11. h5 Bc2 12. h6 g6 13. Bd3 Bxd3 14. Nxd3 O-O
15. Bg5 Nd5 16. Ne4 f6 17. Bd2 b5 18. a4 Be7 19. O-O f5 20. Ng5 Bxg5 21. Bxg5
Rfe8 22. axb5 cxb5 23. Ra6 Nb8 24. Rxe6 Rxe6 25. Nf4 Qd7 26. Nxd5 Nc6 27. Nf6+
Rxf6 28. Bxf6 Re8 29. Rd1 Qd6 30. d5 Ne5 31. Bxe5 Rxe5 32. Qd3 a6 33. Qd4 1-0

[Event "22. Open de Ajedrez Ciudad de Roquetas"]
[Site "Roquetas de Mar ESP"]
[Date "2011.01.04"]
[Round "5.4"]
[White "Teske, Henrik"]
[Black "Camacho Collados, Marcos"]
[Result "1-0"]
[WhiteElo "2520"]
[BlackElo "2376"]
[PlyCount "55"]
[EventDate "2011.01.02"]
[EventRounds "9"]
[EventCountry "ESP"]
[Source "lmi"]
[SourceDate "2011.01.02"]

1. Nf3 Nf6 2. c4 d6 3. Nc3 e5 4. g3 g6 5. Bg2 Bg7 6. O-O O-O 7. d4 Nbd7 8. e4
a6 9. d5 Nc5 10. Bg5 h6 11. Bxf6 Bxf6 12. b4 Nd7 13. Rc1 Bg7 14. Qc2 f5 15. Nh4
Qf6 16. exf5 gxf5 17. Bh3 Nb8 18. c5 Bd7 19. Rfd1 a5 20. b5 dxc5 21. d6 cxd6
22. Nd5 Qd8 23. Bxf5 Bxf5 24. Nxf5 Rf7 25. Nde3 Rf6 26. Ng4 Re6 27. Qc4 Qd7 28.
Rxd6 1-0

[Event "22. Open de Ajedrez Ciudad de Roquetas"]
[Site "Roquetas de Mar ESP"]
[Date "2011.01.04"]
[Round "5.5"]
[White "Paunovic, Dragan"]
[Black "Gonzalez Perez, Arian"]
[Result "1/2-1/2"]
[WhiteElo "2509"]
[BlackElo "2448"]
[PlyCount "107"]
[EventDate "2011.01.02"]
[EventRounds "9"]
[EventCountry "ESP"]
[Source "lmi"]
[SourceDate "2011.01.02"]

1. Nf3 Nf6 2. g3 g6 3. Bg2 Bg7 4. O-O O-O 5. c4 d6 6. d4 Nbd7 7. Qc2 e5 8. Rd1
exd4 9. Nxd4 Re8 10. Nc3 a6 11. h3 Rb8 12. a4 Qe7 13. a5 c6 14. e4 c5 15. Nde2
Ne5 16. b3 Qc7 17. Bf4 b5 18. axb6 Qxb6 19. Ra3 Bb7 20. Bxe5 Rxe5 21. Nf4 Rbe8
22. Ncd5 Bxd5 23. Nxd5 Nxd5 24. cxd5 R5e7 25. Qc4 a5 26. Rd2 Qb4 27. Rda2 Bd4
28. Bf3 Qe1+ 29. Kg2 h5 30. Qd3 Ra7 31. Ra4 Rb8 32. Rc4 Rab7 33. Bd1 a4 34. Re2
Qa5 35. Rxa4 Qd8 36. h4 Qf6 37. Rea2 Kh7 38. Qf3 Qe5 39. Ra7 Kg7 40. Rxb7 Rxb7
41. Qd3 Re7 42. Bc2 f5 43. exf5 Qxd5+ 44. Qf3 Qxf3+ 45. Kxf3 Rf7 46. g4 hxg4+
47. Kxg4 gxf5+ 48. Bxf5 Rb7 49. Be6 Kf6 50. Bc4 Rg7+ 51. Kf3 Rh7 52. Kg4 Rg7+
53. Kf3 Rh7 54. Ke4 1/2-1/2

[Event "22. Open de Ajedrez Ciudad de Roquetas"]
[Site "Roquetas de Mar ESP"]
[Date "2011.01.05"]
[Round "6.1"]
[White "Corrales Jimenez, Fidel"]
[Black "Teske, Henrik"]
[Result "1/2-1/2"]
[WhiteElo "2591"]
[BlackElo "2520"]
[PlyCount "77"]
[EventDate "2011.01.02"]
[EventRounds "9"]
[EventCountry "ESP"]
[Source "lmi"]
[SourceDate "2011.01.02"]

1. e4 c5 2. Nf3 e6 3. d4 cxd4 4. Nxd4 a6 5. Bd3 Bc5 6. Nb3 Ba7 7. Qe2 Nc6 8.
Be3 Nge7 9. N1d2 O-O 10. f4 b5 11. h4 Nb4 12. h5 Qc7 13. h6 g6 14. Bxa7 Rxa7
15. c3 Nxd3+ 16. Qxd3 d5 17. e5 a5 18. Nd4 b4 19. Rc1 Ba6 20. Qe3 bxc3 21. Rxc3
Qb8 22. Kf2 Rc7 23. Rxc7 Qxc7 24. N2f3 Rc8 25. Qa3 Bb7 26. Kg3 Qd8 27. b3 Nf5+
28. Nxf5 gxf5 29. Qb2 Rc5 30. Rh5 d4 31. Rg5+ Kh8 32. Qxd4 Rd5 33. Qa7 Rd7 34.
Qc5 Bxf3 35. gxf3 Rd5 36. Qc3 Rd3 37. Qc5 Rd5 38. Qc3 Rd3 39. Qc5 1/2-1/2